Statystyki dla Rozpoznaj miasto po tablicy rejestracyjnej woj.wielkopolskie

Kliknij tutaj aby rozwiązać quiz!

Ogólne statystyki

  • Ten quiz został rozwiązany 182 razy
  • Średni wynik to 18 z 35

Statystyki odpowiedzi

RejestracjaMiasto / powiatOdpowiedź% Poprawnych
PO / PYMiastoPoznań
99%
PKMiastoKalisz
81%
PNMiastoKonin
79%
PLMiastoLeszno
77%
PZpowiatpoznański
69%
PGNpowiatgnieźnieński
63%
PKApowiatkaliski
63%
PJApowiatjarociński
61%
PKNpowiatkoniński
61%
POBpowiatobornicki
61%
PPpowiatpilski
61%
PLEpowiatleszczyński
55%
POSpowiatostrowski
54%
PGSpowiatgostyński
53%
PTUpowiatturecki
51%
PRApowiatrawicki
50%
PNTpowiatnowotomyski
49%
PSEpowiatśremski
49%
PSZpowiatszamotulski
48%
PCTpowiatczarnkowsko-trzcianecki
47%
PPLpowiatpleszewski
47%
PZLpowiatzłotowski
47%
PKRpowiatkrotoszyński
45%
PSRpowiatśredzki
43%
PCHpowiatchodzieski
41%
PKSpowiatkościański
41%
PWApowiatwągrowiecki
41%
PKLpowiatkolski
39%
PMIpowiatmiędzychodzki
38%
PWRpowiatwrzesiński
38%
PKEpowiatkępiński
37%
POTpowiatostrzeszowski
35%
PWLpowiatwolsztyński
34%
PSLpowiatsłupecki
31%
PGOpowiatgrodziski
30%

Rozkład punktacji

Percentyl według liczby udzielonych odpowiedzi

Procent ludzi z każdym wynikiem

Twoja historia wyników

Nie rozwiązałeś tego quizu